000 00676nam a2200289Ia 4500
005 20260324142549.0
008 008 260324s9999 xx 000 0 eng d
020 _a9780203168158
037 _aEBOOK
040 _aCRL
040 _beng
040 _cCRL
041 _2eng
041 _aeng
084 _qCRL
100 _aAdam Sampson
_91212415
245 0 _aActs of Abuse
245 0 _bSex Offenders and the Criminal Justice System
260 _bTaylor and Francis
260 _c1994
365 _a
365 _b290
856 _uhttp://www.taylorfrancis.com/books/9780203168158
942 _cEBOOK
999 _c1816747
_d1816747